Statistics for Disney Theme Park Countries and Their Cities

Click here to take the quiz!

General Stats

  • This quiz has been taken 302 times
    (237 since last reset)
  • The average score is 9 of 10

Answer Stats

City% Correct
United States
98%
Paris
95%
France
94%
Anaheim
89%
China
88%
Japan
87%
Orlando
87%
Tokyo
86%
Hong Kong
77%
Shanghai
77%

Score Distribution

Percentile by Number Answered

Percent of People with Each Score

Your Score History

You have not taken this quiz since the last reset